000 00567cam a22002294a 4500
005 20250605164320.0
008 250528s ||||||||||||||||||||||||d
035 _a22866
020 _a9780273601463
040 _aGR-AtMCL
_bgre
_dGR-AtMCL
_eAACR2
245 1 _aMARKETING PRINCIPLES & PRACTICE
250 _a1
260 _bPitman Publishing,
_c1993
300 _a386
700 1 _aAdcock Dennis
_91991
700 1 _aBradfield Ray
_91992
700 1 _aHalborg Al
_91993
700 1 _aRoss Caroline
_91994
942 _cBK
999 _c7910
_d7910